Gabriel Valansi Work 1999-2012 (Record no. 883)

MARC details
000 -LEADER
campo de control de longitud fija 00508nam a22001577a 4500
008 - DATOS DE LONGITUD FIJA--INFORMACIÓN GENERAL
campo de control de longitud fija 160307b xxu||||| |||| 00| 0 eng d
020 ## - NÚMERO INTERNACIONAL ESTÁNDAR DEL LIBRO
Número Internacional Estándar del Libro 9789783358609
082 ## - NÚMERO DE LA CLASIFICACIÓN DECIMAL DEWEY
Número de clasificación 708
Número de ítem V136w
100 ## - ENTRADA PRINCIPAL--NOMBRE DE PERSONA
Nombre de persona Valansi, Gabriel
9 (RLIN) 4849
245 ## - MENCIÓN DEL TÍTULO
Título Gabriel Valansi Work 1999-2012
260 ## - PUBLICACIÓN, DISTRIBUCIÓN, ETC.
Lugar de publicación, distribución, etc. Buenos Aires :
Nombre del editor, distribuidor, etc. [Gabriel Valansi],
Fecha de publicación, distribución, etc. 2014
300 ## - DESCRIPCIÓN FÍSICA
Extensión 227 p. ;
Otras características físicas ill. (col.) ;
Dimensiones 25 cm.
600 ## - PUNTO DE ACCESO ADICIONAL DE MATERIA--NOMBRE DE PERSONA
Nombre de persona Valansi, Gabriel
Subdivisión general Exhibiciones
Subdivisión cronológica 1999-2012
9 (RLIN) 4850
650 ## - PUNTO DE ACCESO ADICIONAL DE MATERIA--TÉRMINO DE MATERIA
Término de materia o nombre geográfico como elemento de entrada Arte Moderno
Subdivisión geográfica Argentina
9 (RLIN) 4824
650 ## - PUNTO DE ACCESO ADICIONAL DE MATERIA--TÉRMINO DE MATERIA
Término de materia o nombre geográfico como elemento de entrada Instalaciones (Arte)
9 (RLIN) 3724
Holdings
Estatus retirado Estado de pérdida Fuente del sistema de clasificación o colocación Estado de daño No para préstamo Biblioteca de origen Biblioteca actual Ubicación en estantería Fecha de adquisición Total de préstamos Signatura topográfica completa Código de barras Visto por última vez Precio de reemplazo Tipo de ítem Koha
    Clasificación Decimal Dewey     Biblioteca LadoV Biblioteca LadoV   07/03/2016   708 V136w 004132 07/03/2016 07/03/2016 Material 01